In the shadow of the wind

में बचाया:
ग्रंथसूची विवरण
मुख्य लेखक: Hébert, Anne
स्वरूप: पुस्तक
भाषा:Undetermined
प्रकाशित: Toronto, Canadá Stoddart 1982
विषय:
टैग: टैग जोड़ें
कोई टैग नहीं, इस रिकॉर्ड को टैग करने वाले पहले व्यक्ति बनें!

MARC

LEADER 00000nam a2200000Ia 4500
008 170316s9999 xx 000 0 und d
040 |a cru BVZT 
090 |a 818 H-7i 
100 |a Hébert, Anne 
245 |a In the shadow of the wind 
260 |a Toronto, Canadá 
260 |b Stoddart 
260 |c 1982 
300 |a 184 páginas 
650 |a LITERATURA CANADIENSE 
999 |c 6475  |d 6475 
942 |c 15 D  |h 818 H-7i  |2 z